Central Library OPAC University of Rajshahi

Neuere Untersuchungen über eindeutige analytische Funktionen / (Record no. 8583)

MARC details
000 -LEADER
fixed length control field 00836cam a22002651 4500
001 - CONTROL NUMBER
control field 8583
003 - CONTROL NUMBER IDENTIFIER
rucl marc code BD-RjUL
005 - DATE AND TIME OF LATEST TRANSACTION
control field 20211208234621.0
008 - FIXED-LENGTH DATA ELEMENTS--GENERAL INFORMATION
fixed length control field 140119s1955 gw a b 000 0 ger c
035 ## - SYSTEM CONTROL NUMBER
System control number (BD-RjUL)8628
System control number (OCoLC)1304045
040 ## - CATALOGING SOURCE
Original cataloging agency Smith College. Library
Transcribing agency GAT
Modifying agency OCoLC
-- DLC
-- BD-RjUL
Language of cataloging eng
041 ## - LANGUAGE CODE
Language code of text/sound track or separate title eng
082 ## - DEWEY DECIMAL CLASSIFICATION NUMBER
Edition number 21
Classification number 511.33
Author mark and year WIN 1955
100 1# - MAIN ENTRY--PERSONAL NAME
Personal name Wittich, Hans.
9 (RLIN) 26751
245 10 - TITLE STATEMENT
Title Neuere Untersuchungen über eindeutige analytische Funktionen /
Statement of responsibility, etc. Hans Wittich
260 ## - PUBLICATION, DISTRIBUTION, ETC. (IMPRINT)
Place of publication, distribution, etc. Berlin :
Name of publisher, distributor, etc. Springer,
Date of publication, distribution, etc. c1955.
300 ## - PHYSICAL DESCRIPTION
Pagination 163 p. :
Illustrations illus. ;
Size 23 cm.
504 ## - BIBLIOGRAPHY, ETC. NOTE
Bibliography, etc Bibliography: p. [159]-163. and index.
650 #0 - SUBJECT ADDED ENTRY--TOPICAL TERM
Topical term or geographic name as entry element Functions.
9 (RLIN) 26753
942 ## - ADDED ENTRY ELEMENTS (KOHA)
Source of classification or shelving scheme Dewey Decimal Classification
Koha item type Books
Holdings
Lost status Source of classification or shelving scheme Damaged status Not for loan Collection code Permanent Location Current Location Shelving location Date acquired Source of acquisition Cost, normal purchase price Total Checkouts Full call number Date last seen Copy number Koha item type
  Dewey Decimal Classification   Not For Loan Non-fiction Central Library, University of Rajshahi Central Library, University of Rajshahi   30/12/1968 Zeitlinger 81.20   511.33 WIN 1955 19/01/2014 C-1 Books